|
|
|
|
| LEADER |
00000nam0a2200000 4500 |
| 001 |
599957 |
| 005 |
20231101132101.0 |
| 035 |
|
|
|a (RuTPU)RU\TPU\tpu\24119
|
| 035 |
|
|
|a RU\TPU\tpu\24096
|
| 090 |
|
|
|a 599957
|
| 100 |
|
|
|a 20131209d1999 m y0rusy50 ca
|
| 101 |
0 |
|
|a rus
|
| 102 |
|
|
|a RU
|
| 105 |
|
|
|a a z 001zy
|
| 200 |
1 |
|
|a Социально-психологический портрет студента ТПУ - 99 (результаты социологического исследования)
|f Л. И. Иванкина [и др.]
|
| 210 |
|
|
|a Томск
|c Изд-во ТПУ
|d 1999
|
| 215 |
|
|
|a 35 с.
|
| 333 |
|
|
|a В фонде НТБ ТПУ отсутствует
|
| 610 |
1 |
|
|a труды учёных ТПУ
|
| 701 |
|
1 |
|a Иванкина
|b Л. И.
|c специалист в области философии, социологии и психологии образования
|c профессор Томского политехнического университета, доктор философских наук
|f 1956-
|g Любовь Ивановна
|x TPU
|2 stltpush
|3 (RuTPU)RU\TPU\pers\25426
|
| 701 |
|
1 |
|a Камышев
|b Э. Н.
|c профессор кафедры социологии, психологии и права ТПУ
|f 1943-
|g Эдуард Николаевич
|x TPU
|2 stltpush
|3 (RuTPU)RU\TPU\pers\19796
|
| 701 |
|
1 |
|a Безпрозванных
|b А. В.
|c российский специалист в области информационных технологий и исследований
|c начальник отдела Томского политехнического университета
|g Алиса Владимировна
|2 stltpush
|3 (RuTPU)RU\TPU\pers\28334
|
| 701 |
|
1 |
|a Герасимова
|b О. В.
|
| 801 |
|
1 |
|a RU
|b 63413507
|c 20130212
|
| 801 |
|
2 |
|a RU
|b 63413507
|c 20131209
|g RCR
|
| 942 |
|
|
|c BK
|